000 00603nam a22002537a 4500
003 UA-OsUOA
001 22550
007 ta
008 20031222b un ||||| |||| 00| 0 ukr d
100 _aДробницкий О.Г.
090 _a17.0
_bД75
942 _cBK
040 _aUA-OsUOA
_brus
_cUA-OsUOA
_dUA-OsUOA
245 _aМоральная философия
_bИзбраные труды
300 _a523 с.
955 _a0
041 _arus
080 _a17.0
020 _a5-8297-0099-9
260 _bГардарики
_c2002
044 _aRU
650 7 _2UDC
999 _c308771
_d308771